00653cam a2200193 a 450000500170000000800390001702000180005604000500007404100080012410000200013224500680015226000560022030000180027650400530029465000230034765000320037065000300040265000270043220150126064326.0150126s2012 ne fr 001 0 eng a9789041139108 aCO-BoUCMcJose A. GerenabspadJose A. Gerena0 aeng1 aFiebig, André10aCommercial and economic law in the United States cAndre Fiebig aAlphen aan den Rijn (Holanda)bWolters Kluwerc2012 a138 páginas aIncluye referencias bibliográficas e índices 7aDerecho comercial  7aEconomía zEstados Unidos 7aComercio zEstados Unidos 7aContratos comerciales